000
00319nam a2200133Ia 4500
008
220204s9999 xx 000 0 und d
082
_a
668.58
_b
HAR
100
_a
Harry, Ralph G
245
0
_a
Harry's cosmeticology
250
_a
Ed.6
260
_a
Britain
_b
Leonard Hill
_c
1973
650
_a
Cosmeticology
942
_c
BK
999
_c
31345
_d
31345